მიკროეკონომიკის თეორია : (ბიბ.ჩანაწერი № 50289)
[ მარტივი ფორმატი ]
| 000 -ლიდერი | |
|---|---|
| ფიქსირებული სიგრძის საკონტროლო ველი | 02552nam a2200337Ia 4500 |
| 001 - საკონტროლო ნომერი | |
| საკონტროლო ველი | 17228 |
| 003 - საკონტროლო ნომრის იდენტიფიკატორი | |
| საკონტროლო ველი | GE_BSU |
| 005 - ბოლო ოპერაციის თარიღი და დრო | |
| საკონტროლო ველი | 20220620141936.0 |
| 008 - ფიქსირებული სიგრძის მონაცემთა ელემენტები - ზოგადი ინფორმაცია | |
| ფიქსირებული სიგრძის საკონტროლო ველი | 181216s2014ge xx |||||||||||||| ||geo|| |
| 020 ## - წიგნის საერთაშორისო სტანდარტული ნომერი | |
| International Standard Book Number | 9789941133787 |
| 040 ## - კატალოგიზაციის წყარო | |
| Transcribing agency | GE_BSU |
| 041 ## - ენის კოდი | |
| Language code of text/sound track or separate title | geo |
| 080 ## - უნივერსალური ათობითი კლასიფიკაციის ინდექსი | |
| Universal Decimal Classification number | 330.1.542 ნ-63 |
| 100 ## - მთავარი ჩანაწერი - პიროვნების სახელი | |
| Personal name | ნიკოლსკი, ვალტერ. |
| 9 (RLIN) | 6759 |
| 245 ## - ცნობა სათაურის შესახებ | |
| Title | მიკროეკონომიკის თეორია : |
| Remainder of title | ძირითადი პრინციპები და გავრცობა / |
| Statement of responsibility, etc | ვალტერ ნიკოლსკი ; ქრისტოფერ სნაიდერი ; სამეცნ. რედ. ეთერ ხარაიშვილი ; სარედ. კოლეგია : ი. გაგნიძე ; მ.ნაცვალაძე ; ი. ნაცვლიშვილი ; მ. ჩავლეიშვილი ; ლ.ლაბაძე ; მთარგმნ : სოფიო ბასლანაძე. |
| 250 ## - გამოცემის ცნობა | |
| Edition statement | მე-10 გამოცემა |
| 264 ## - წარმოების, გამოცემის, დისტრიბუციის და სხვა ცნობები | |
| გამოცემის, წარმოების, დისტრიბუციის... ადგილი | თბილისი : |
| გამოცემის, წარმოების, დისტრიბუციის... სახელწოდება | თბილ. უნ-ტის გამ-ბა, |
| გამოცემის, წარმოების, დისტრიბუციის... თარიღი | 2014. |
| 300 ## - ფიზიკური აღწერა | |
| Extent | XXVI,1076 გვ .: |
| Other physical details | 25 სმ. |
| 500 ## - ზოგადი შენიშვნა | |
| General note | წიგნის ქართული თარგმანი მომზადდა ივანე ჯავახიშვილის სახელობის თბილისის სახელმწიფო უნივერსიტეტში,მიკროეკონომიკის კათედრაზე. |
| 653 ## - INDEX TERM--UNCONTROLLED | |
| Uncontrolled term | ეკონომიკა |
| 653 ## - INDEX TERM--UNCONTROLLED | |
| Uncontrolled term | მიკროეკონომიკის თეორია |
| 700 ## - ADDED ENTRY--PERSONAL NAME | |
| Personal name | სნაიდერი, ქრისტოფერ |
| 9 (RLIN) | 6760 |
| 700 ## - ADDED ENTRY--PERSONAL NAME | |
| Personal name | ხარაიშვილი, ეთერ |
| Relator term | სამეცნიერო რედაქტორი |
| 9 (RLIN) | 2000 |
| 700 ## - ADDED ENTRY--PERSONAL NAME | |
| Personal name | გაგნიძე, ი |
| Relator term | სარედაქციო კოლეგია |
| 9 (RLIN) | 6761 |
| 700 ## - ADDED ENTRY--PERSONAL NAME | |
| Personal name | ნაცვალაძე, მ |
| Relator term | სარედაქციო კოლეგია |
| 9 (RLIN) | 5076 |
| 700 ## - ADDED ENTRY--PERSONAL NAME | |
| Personal name | ნაცვლიშვილი, ი |
| Relator term | სარედაქციო კოლეგია |
| 9 (RLIN) | 5075 |
| 700 ## - ADDED ENTRY--PERSONAL NAME | |
| Personal name | ჩავლეიშვილი, მ |
| Relator term | სარედაქციო კოლეგია |
| 9 (RLIN) | 4002 |
| 700 ## - ADDED ENTRY--PERSONAL NAME | |
| Personal name | ლაბაძე, ლ |
| Relator term | სარედაქციო კოლეგია |
| 9 (RLIN) | 6762 |
| 700 ## - ADDED ENTRY--PERSONAL NAME | |
| Personal name | ბასლანაძე, სოფიო |
| Relator term | მთარგმნელი |
| 9 (RLIN) | 6763 |
| 942 ## - ADDED ENTRY ELEMENTS (KOHA) | |
| Koha item type | წიგნი |
| Source of classification or shelving scheme | |
| ჩამოწერის სტატუსი | დაკარგული ეგზემპლარის სტატუსი | კლასიფიკაციის წყარო ან თაროზე გაწყობის სქემა | დაზიანების სტატუსი | არ გაიცემა | მუდმივი მდებარეობა (დაცვის ადგილი) | ამჟამინდელი ადგილსამყოფელი | თაროზე განთავსების ადგილი | შეძენის თარიღი | სრული შენახვის შიფრი | შტრიხკოდი | ბოლო ოპერაციის თარიღი | ეგზემპლარის მიმდევრობითი ნომერი (კეტერი?) | ფასის ძალაში შესვლის თარიღი | ეგზემპლარის სახეობა | ღირებულება, შესყიდვის ნორმალური ფასი | საჯარო შენიშვნა |
|---|---|---|---|---|---|---|---|---|---|---|---|---|---|---|---|---|
| ბათუმის შოთა რუსთაველის სახელმწიფო უნივერსიტეტის მთავარი ბიბლიოთეკა | ბათუმის შოთა რუსთაველის სახელმწიფო უნივერსიტეტის მთავარი ბიბლიოთეკა | წიგნსაცავი | 2018-12-17 | 330.1.542 ნ-63 | 45232 | 2018-12-17 | 45232 | 2018-12-17 | წიგნი | |||||||
| ბათუმის შოთა რუსთაველის სახელმწიფო უნივერსიტეტის მთავარი ბიბლიოთეკა | ბათუმის შოთა რუსთაველის სახელმწიფო უნივერსიტეტის მთავარი ბიბლიოთეკა | წიგნსაცავი | 2018-12-17 | 330.1.542 ნ-63 | 45233 | 2018-12-17 | 45233 | 2018-12-17 | წიგნი | |||||||
| ბათუმის შოთა რუსთაველის სახელმწიფო უნივერსიტეტის მთავარი ბიბლიოთეკა | ბათუმის შოთა რუსთაველის სახელმწიფო უნივერსიტეტის მთავარი ბიბლიოთეკა | წიგნსაცავი | 2018-12-17 | 330.1.542 ნ-63 | 45234 | 2018-12-17 | 45234 | 2018-12-17 | წიგნი | |||||||
| ბათუმის შოთა რუსთაველის სახელმწიფო უნივერსიტეტის მთავარი ბიბლიოთეკა | ბათუმის შოთა რუსთაველის სახელმწიფო უნივერსიტეტის მთავარი ბიბლიოთეკა | წიგნსაცავი | 2018-12-17 | 330.1.542 ნ-63 | 45235 | 2018-12-17 | 45235 | 2018-12-17 | წიგნი | |||||||
| ბათუმის შოთა რუსთაველის სახელმწიფო უნივერსიტეტის მთავარი ბიბლიოთეკა | ბათუმის შოთა რუსთაველის სახელმწიფო უნივერსიტეტის მთავარი ბიბლიოთეკა | წიგნსაცავი | 2022-06-20 | 330.1.542 ნ-63 | 62767 | 2022-06-20 | 62767 | 2022-06-20 | წიგნი | 50.00 | 50ლ.40თ. | |||||
| ბათუმის შოთა რუსთაველის სახელმწიფო უნივერსიტეტის მთავარი ბიბლიოთეკა | ბათუმის შოთა რუსთაველის სახელმწიფო უნივერსიტეტის მთავარი ბიბლიოთეკა | წიგნსაცავი | 2022-06-20 | 330.1.542 ნ-63 | 62768 | 2022-06-20 | 62768 | 2022-06-20 | წიგნი | 50.00 | 50ლ.40თ. | |||||
| ბათუმის შოთა რუსთაველის სახელმწიფო უნივერსიტეტის მთავარი ბიბლიოთეკა | ბათუმის შოთა რუსთაველის სახელმწიფო უნივერსიტეტის მთავარი ბიბლიოთეკა | წიგნსაცავი | 2022-06-20 | 330.1.542 ნ-63 | 62769 | 2022-06-20 | 62769 | 2022-06-20 | წიგნი | 50.00 | 50ლ.40თ. | |||||
| ბათუმის შოთა რუსთაველის სახელმწიფო უნივერსიტეტის მთავარი ბიბლიოთეკა | ბათუმის შოთა რუსთაველის სახელმწიფო უნივერსიტეტის მთავარი ბიბლიოთეკა | წიგნსაცავი | 2022-06-20 | 330.1.542 ნ-63 | 62770 | 2022-06-20 | 62770 | 2022-06-20 | წიგნი | 50.00 | 50ლ.40თ. | |||||
| ბათუმის შოთა რუსთაველის სახელმწიფო უნივერსიტეტის მთავარი ბიბლიოთეკა | ბათუმის შოთა რუსთაველის სახელმწიფო უნივერსიტეტის მთავარი ბიბლიოთეკა | წიგნსაცავი | 2022-06-20 | 330.1.542 ნ-63 | 62771 | 2022-06-20 | 62771 | 2022-06-20 | წიგნი | 50.00 | 50ლ.40თ. |
